000 00468nam a22001817a 4500
005 20260119100625.0
008 260119b |||||||| |||| 00| 0 eng d
020 _a978-0-07-338420-7
050 _aQA 152.3 .M55 2011
100 _aMILLER, JULIE
245 _aBEGINNING ALGEBRA
250 _a3RD
260 _aNEWE YORK
_bMcGRAW-HILL
_c2011
300 _aXXVI,703P.
500 _aINCLUDES INDEX
700 _a1. O'NEILL, MOLLY 2. HYDE, NANCY
942 _2lcc
_cBK
999 _c216476
_d216476